000 00699nam a2200217Ia 4500
999 _c7443
_d7443
003 0100
005 20170503113850.0
008 130303s9999 xx 000 0 und d
020 _a9171926909
040 _cARRUPELIB
050 _aDT465.L3S53 1987
100 _aSinclair, Paul
_98177
245 _aExcavations at the university campus, Maputo, Mozambique, 1984-85
260 _bEduardo Mondlane University
_aMaputo
_c1987
300 _a96p.
300 _b 24cm.
650 _aExcavations (Archaeology)
_98178
_zMozambique, Maputo
700 _aPaul Sinclair Nils-Gustaf Nydolf, Gunilla Wickman-Nydolf , Nydolf, Nils-GustafWickman-Nydolf, Gunilla
_98179
942 _2lcc
_cMONOGRAPH